00421nam a22001457a 450000500170000000800410001702200130005804100130007108200120008410000120009624500350010826000740014330000320021765000260024920240903061944.0240903b |||||||| |||| 00| 0 eng d a10246991 aEnglish  a349 NAM lEnglish aThe Namibian Law Reports 2003  aWindhoek: bLegal Assistance Centre and Juta and Company Ltd, c2003  bxviii, 234 pages; c26 cm.  aLegal practice bLaw